000 00289nam a22001337a 4500
020 _a0-88344-744-4
082 _a266.2 BOS
100 _aBosch, David J.
245 _aTransforming Mission
260 _aNew York
_bOrbis Books
_c1992
300 _a587
650 _aMissions
942 _cBK
999 _c20527
_d20527